Urban Studies (Record no. 118516)
[ view plain ]
| 000 -LEADER | |
|---|---|
| fixed length control field | 00586cas a22001935a 4500 |
| 001 - CONTROL NUMBER | |
| control field | L130 |
| 008 - FIXED-LENGTH DATA ELEMENTS--GENERAL INFORMATION | |
| fixed length control field | 070712c1964 xxkmr ps 0 a0eng |
| 022 1# - INTERNATIONAL STANDARD SERIAL NUMBER | |
| International Standard Serial Number | 0042-0980 |
| 035 ## - SYSTEM CONTROL NUMBER | |
| System control number | (Sirsi) u98768 |
| 041 0# - LANGUAGE CODE | |
| Language code of text/sound track or separate title | eng |
| 245 00 - TITLE STATEMENT | |
| Title | Urban Studies |
| 260 ## - PUBLICATION, DISTRIBUTION, ETC. | |
| Place of publication, distribution, etc. | Abingdon |
| Name of publisher, distributor, etc. | Carfax Publishing Company |
| Date of publication, distribution, etc. | 1964- |
| 520 ## - SUMMARY, ETC. | |
| Summary, etc. | Available online as an e-journal at www.rics.org/ejournals. |
| 651 #4 - SUBJECT ADDED ENTRY--GEOGRAPHIC NAME | |
| Geographic name | International |
| 690 ## - LOCAL SUBJECT ADDED ENTRY--TOPICAL TERM (OCLC, RLIN) | |
| Topical term or geographic name as entry element | Planning and development |
| 9 (RLIN) | 6259 |
| 856 41 - ELECTRONIC LOCATION AND ACCESS | |
| Uniform Resource Identifier | <a href="https://journals.sagepub.com/home/usj">https://journals.sagepub.com/home/usj</a> |
| Public note | Selected articles available online |
| 942 ## - ADDED ENTRY ELEMENTS (KOHA) | |
| Suppress in OPAC | 0 |
| Source of classification or shelving scheme | Dewey Decimal Classification |
| 948 ## - LOCAL PROCESSING INFORMATION (OCLC); SERIES PART DESIGNATOR (RLIN) | |
| c (OCLC) | 01/03/1994 |
| Withdrawn status | Lost status | Source of classification or shelving scheme | Damaged status | Not for loan | Home library | Current library | Shelving location | Date acquired | Total Checkouts | Full call number | Barcode | Date last seen | Price effective from | Koha item type |
|---|---|---|---|---|---|---|---|---|---|---|---|---|---|---|
| Dewey Decimal Classification | Virtual | Virtual | Online | 05/07/2007 | ONLINE PUBLICATION | 98768-2001 | 06/08/2019 | 06/08/2019 | Journal |